| 000 | 00615nam a22002177a 4500 | ||
|---|---|---|---|
| 003 | OSt | ||
| 005 | 20140311163000.0 | ||
| 008 | 130212t xxu||||| |||| 00| 0 eng d | ||
| 020 | _a9712324303 | ||
| 050 |
_a LB 1765.P6 _b.C957 2004 |
||
| 100 | _aCruz, Celia C. | ||
| 245 |
_aA Comprehensive reviewer for the licensure examination for teachers (LET) / _cCelia C. Cruz ... [et. al.]. |
||
| 260 |
_aManila : _bRex Book Store, _c1998. |
||
| 300 |
_a424 p. : _c23 cm. _bill, ; |
||
| 521 | _aEDU | ||
| 562 | _e2 | ||
| 650 | _aTeachers Examinations | ||
| 942 |
_2lcc _cBK _kLOC |
||
| 999 |
_c39172 _d39172 |
||